| 000 | 00384 a2200121 4500 | ||
|---|---|---|---|
| 005 | 20250602124945.0 | ||
| 020 | _a9976-78-021-4 | ||
| 100 | _aABDU, A.N.S | ||
| 245 | _aStudy Guide for Elements of Business Mathematics and Statistics | ||
| 260 |
_aDar es Salaam _bNational Board of Accountants and Auditors (NBAA) _c2004 |
||
| 300 |
_a166p.: ill; graph, tables, _c29.5 cm |
||
| 942 |
_2ddc _cBKS |
||
| 999 |
_c3016 _d3016 |
||